00435nam a2200157Ia 4500003000400000008004100004040001600045082001800061100001700079245005600096260004400152300001000196650001800206650002500224650002800249GCL140319s9999 xx 000 0 eng d aGCL / cGCL04a796.3303bH G1 aHART, GRAHAM10aTHE GUINNESS FOOTBALL ENCYCLOPEDIA / cHART, GRAHAM a[S.N] : bGUINNESS PUBLISHING ، c1995 a222 P04aENCYCLOPEDIES04aSPORT - ENCYCLOPEDIA04aFOOTBALL - ENCYCLOPEDIA